000 01099pam a2200301 a 4500
001 14268
003 BD-JhCC
005 20250226083846.0
008 910403s1992 nyua b 001 0 eng
020 _a002396815X
035 _a(BD-JhCC)14268
040 _aDLC
_cDLC
_dDLC
041 _aenglish
050 0 0 _aTK5102.5
_b.P6773 1992
082 0 0 _a621.3822
_220
_bJOH 1992
100 1 _aProakis, John G.
245 1 0 _aDigital signal processing :
_bprinciples, algorithms, and applications /
_cJohn G. Proakis, Dimitris G. Manolakis.
250 _a2nd ed.
260 _aNew York :
_bMacmillan ;
_aToronto :
_bMaxwell Macmillan Canada ;
_aNew York :
_bMaxwell Macmillan International,
_c1992.
300 _axviii, 969 p. :
_bill. ;
_c26 cm.
500 _aRev. ed. of: Introduction to digital signal processing. c1988.
504 _aIncludes bibliographical references (p. 951-962) and index.
650 0 _aSignal processing
_xDigital techniques.
700 1 _aManolakis, Dimitris G.
700 1 _aProakis, John G.
_tIntroduction to digital signal processing.
942 _2ddc
_cBK
999 _c14268
_d14268